Gazetteer of the Ferozepore district, 1883-84. (Record no. 329803)

000 -LEADER
fixed length control field 01039cam a2200313 a 4500
001 - CONTROL NUMBER
control field 12309511
003 - CONTROL NUMBER IDENTIFIER
control field NUST
005 - DATE AND TIME OF LATEST TRANSACTION
control field 20170523121058.0
008 - FIXED-LENGTH DATA ELEMENTS--GENERAL INFORMATION
fixed length control field 001212r18832000pk b 000 0 eng
010 ## - LIBRARY OF CONGRESS CONTROL NUMBER
LC control number 00312847
020 ## - INTERNATIONAL STANDARD BOOK NUMBER
International Standard Book Number 9693510941
025 ## - OVERSEAS ACQUISITION NUMBER
Overseas acquisition number P-E-00312847; 07
035 ## - SYSTEM CONTROL NUMBER
System control number (DLC) 00312847
040 ## - CATALOGING SOURCE
Original cataloging agency DLC
Transcribing agency DLC
Modifying agency DLD
042 ## - AUTHENTICATION CODE
Authentication code lcode
043 ## - GEOGRAPHIC AREA CODE
Geographic area code a-ii---
050 00 - LIBRARY OF CONGRESS CALL NUMBER
Classification number DS485.F4
Item number G39 2000
082 00 - DEWEY DECIMAL CLASSIFICATION NUMBER
Classification number 954.552 GAZ
Edition number 21
245 00 - TITLE STATEMENT
Title Gazetteer of the Ferozepore district, 1883-84.
246 30 - VARYING FORM OF TITLE
Title proper/short title Ferozepore district
260 ## - PUBLICATION, DISTRIBUTION, ETC.
Place of publication, distribution, etc. Lahore :
Name of publisher, distributor, etc. Sang-e-Meel Publications,
Date of publication, distribution, etc. 2000.
300 ## - PHYSICAL DESCRIPTION
Extent 102, xxiii p. ;
Dimensions 25 cm.
500 ## - GENERAL NOTE
General note Originally published: Lahore: Civil and Military Gazette Press, 1883-84.
504 ## - BIBLIOGRAPHY, ETC. NOTE
Bibliography, etc. note Includes bibliographical references.
651 #0 - SUBJECT ADDED ENTRY--GEOGRAPHIC NAME
Geographic name Fīrozpur (India)
9 (RLIN) 1305
906 ## - LOCAL DATA ELEMENT F, LDF (RLIN)
a 7
b cbc
c origode
d 3
e ncip
f 20
g y-gencatlg
942 ## - ADDED ENTRY ELEMENTS (KOHA)
Source of classification or shelving scheme
Koha item type Book
Holdings
Withdrawn status Lost status Source of classification or shelving scheme Damaged status Not for loan Permanent Location Current Location Date acquired Total Checkouts Full call number Barcode Date last seen Price effective from Koha item type
          School of Civil and Environmental Engineering (SCEE) School of Civil and Environmental Engineering (SCEE) 05/23/2017   954.552 GAZ NIT-8690 05/23/2017 05/23/2017 Book
© 2023 Central Library, National University of Sciences and Technology. All Rights Reserved.